Tirannide e Paura in Platone Senofonte e Aristotele

Na minha lista:
Detalhes bibliográficos
Autor principal: Pasini, Dino (autore)
Formato: Livro
Idioma:Língua italiana
Publicado em: Nápoles Jovene 1975
Colecção:Pubblicazioni della Facolta Giuridica dell'Universita di Napoli, 152
Assuntos:
Tags: Adicionar Tag
Sem tags, seja o primeiro a adicionar uma tag!

MARC

LEADER 00000nam a2200000 a 4500
001 UCV2395
003 CL-VaPUC
008 920624e19750000IT |||||||||||||||||ita|d
082 0 4 |a 321  |b PAS  |2 21 
100 |a Pasini, Dino  |e autore  |9 296825 
245 1 0 |a Tirannide e Paura in Platone Senofonte e Aristotele 
300 |a 336 p 
942 |c BK 
945 |d 19920624 00:00:00 
260 |a Nápoles  |b Jovene  |c 1975 
650 7 |a DESPOTISMO  |2 CL-VaPUC  |9 257457 
650 0 |a Dictadores   |9 257742 
650 0 |a Autoridad   |9 257105 
583 |a last modification  |c 19920624 00:00:00  |k Rodrigo Vera 
490 0 |a Pubblicazioni della Facolta Giuridica dell'Universita di Napoli, 152 
999 |c 209983  |d 209981 
952 |0 0  |1 0  |4 0  |6 321_000000000000000_PAS_1975  |7 0  |8 DER_TF  |9 185888  |a BIBDER  |b BIBDER  |d 2019-11-14  |i 2533693  |o 321 PAS 1975  |p 2533693  |r 2023-01-25  |w 2019-11-14  |x Ubicación 4to Piso  |y BK  |z Estos recursos deben solicitarse con anticipación  |k DER